| 000 | 00396nab a2200133Ia 4500 | ||
|---|---|---|---|
| 003 | ES-SlBCS | ||
| 005 | 20210601125236.0 | ||
| 008 | 140529s1976 xxu||||| |||| 00| 0 eng d | ||
| 041 | _aeng | ||
| 100 | 1 |
_aBenditt, Theodore M. _9155874 |
|
| 245 | 0 | 0 |
_aBenefit and Harm _c Theodore M. Benditt |
| 773 | 0 |
_tPhilosophy and Phenomenological Research _gvol. 37, 1976, págs. 116-120 _wRev1411 |
|
| 942 | _cAR | ||
| 999 |
_c527108 _d527108 |
||